• 首页
  • 本馆介绍
  • 公告通知
  • 最新文献
  • 馆藏检索
  • 电子资源
  • 读者导购
  • 参考咨询
  • 我的图书馆
  • 登录
  • 详细信息显示
  • 放入我的书架
  • 预约/预借图书
  • 作者相关作品
  • 分类相关作品
  • 丛书相关作品
  • 出版社相关作品

书目信息

  • 表格格式
  • 工作单格式
  • 卡片格式
书名: Dictionary of confusable words
作者: Laurence Urdang.
分册号:
分册名:
出版地: New York, N.Y. :
 
出版社: Facts on File Publications
出版时间: c1988.
页数: viii, 391 p. ;
开本: 24 cm.
丛书名:
中图分类号:
科图分类号:
其他分类号: H313-61
主题词:
电子资源:
000 00816cam 2200265 a 45
001 E0754444159
005 20070228150957.45
008 890105s1988 nyu d 00110 eng
010    @a 88003820
020    @a081601650X.
050 00 @aPE1460@b.U74 1988
082 0  @a428/.003 @2 19
090    @aH313.2-61/X10
090    @aH313-61
093    @aH313.2-61 @2 4
093    @aH313.2-61
099    @dH313-61@e53
100 1  @aUrdang, Laurence.
245 10 @aDictionary of confusable words / @cLaurence Urdang.
260 0  @aNew York, N.Y. :@bFacts on File Publications,@cc1988.
300    @aviii, 391 p. ;@c24 cm.
500    @aIncludes index.
650  0 @aEnglish language@xSynonyms and antonyms@xDictionaries.
650  0 @aEnglish language@xUsage@xDictionaries.
920    @a232010@z2
    
    Dictionary of confusable words / / Laurence Urdang.-New York, N.Y. : : Facts on File Publications, , c1988.
    viii, 391 p. ; ; 24 cm.
    Includes index.
    
    ISBN 081601650X.
    
●
相关链接 在E读中查询图书 在五车中查询图书 在当当中查询图书 在豆瓣中查询图书


正题名:Dictionary of confusable words     索取号:H313-61/53         预约/预借

序号 登录号 条形码 馆藏地/架位号 状态 备注
1 184360   001301228   第四借阅区/ [索取号:H313-61/53] 在馆    
唐山师范学院图书馆 欢迎您!
大连网信软件有限公司© 版权所有